| 000 | 00797nam a2200229 a 4500 | ||
|---|---|---|---|
| 001 | 000041967 | ||
| 005 | 20201002035846.0 | ||
| 008 | 090819s1987 sp ac 000 0 spa d | ||
| 020 | _a8400066073 | ||
| 020 | _a8400069528 (v.2) | ||
| 020 | _a840007131x(v.3) | ||
| 040 |
_aDO-SdBNP _bspa _cBNPHU |
||
| 082 |
_axxx _bxxx |
||
| 245 | 0 | 0 |
_aQuímica teórica : _bestructura interacciones y reactividad / coordinadorSerafín Fraga / _ccoordinador Serafín Fraga. |
| 260 |
_aMadrid : _bCSIC, _c1987. |
||
| 300 |
_a345 p. : _bil., retrs. ; _c25 cm. |
||
| 490 | 1 |
_aNuevas tendencias _v4 |
|
| 504 | _aIncluye bibliografía al final de los capítulo | ||
| 700 | 1 |
_aFraga, Serafín _ecoor. _968892 |
|
| 710 | 2 |
_aConsejo Superior de Investigaciones Científicas _94786 |
|
| 830 | 0 |
_aNuevas tendencias _n4 _968893 |
|
| 999 |
_c41456 _d41456 |
||